| Tag |
First Indicator |
Second Indicator |
Subfields |
| LEADER |
00000cam a2200000 a 4500 |
| 001 |
in00000007700 |
| 005 |
20151002060019.0 |
| 008 |
860806s1987 enka b 00110 eng |
| 010 |
|
|
|a 86021535
|
| 020 |
|
|
|a 0521302773
|
| 020 |
|
|
|a 0521316146 (pbk.)
|
| 035 |
|
|
|a (OCoLC)14129622
|
| 035 |
|
|
|9 AAA0027AM
|
| 040 |
|
|
|a DLC
|c DLC
|d WQM
|d TXA
|d UtOrBLW
|
| 050 |
0 |
0 |
|a HV6626.5
|b .C35 1987
|
| 100 |
1 |
|
|a Calam, Rachel.
|
| 245 |
1 |
0 |
|a Child abuse and its consequences :
|b observational approaches /
|c Rachel Calam, Cristina Franchi.
|
| 264 |
|
1 |
|a Cambridge [Cambridgeshire] ;
|a New York :
|b Cambridge University Press,
|c 1987.
|
| 300 |
|
|
|a xi, 226 pages :
|b illustrations ;
|c 24 cm.
|
| 336 |
|
|
|a text
|b txt
|2 rdacontent
|
| 337 |
|
|
|a unmediated
|b n
|2 rdamedia
|
| 338 |
|
|
|a volume
|b nc
|2 rdacarrier
|
| 504 |
|
|
|a Bibliography: pages 218-223.
|
| 500 |
|
|
|a Includes index.
|
| 650 |
|
0 |
|a Child abuse.
|
| 650 |
|
0 |
|a Interviewing in child abuse.
|
| 650 |
|
0 |
|a Behavioral assessment of children.
|
| 650 |
|
0 |
|a Abused children.
|
| 700 |
1 |
|
|a Franchi, Cristina.
|
| 999 |
|
|
|a MARS
|
| 999 |
f |
f |
|s bfc9dee6-0525-384c-8995-ec1eced49440
|i 4b700a17-31c2-3117-a3e4-0030283dddd7
|t 0
|
| 952 |
f |
f |
|p ric
|a Texas A&M University
|b Rellis Campus
|c Joint Library Facility
|d Remote Storage
|t 0
|e HV6626.5 .C35 1987
|h Library of Congress classification
|i unmediated -- volume
|m A14810913016
|
| 998 |
f |
f |
|a HV6626.5 .C35 1987
|t 0
|l Remote Storage
|